Para una Educacin̤ No-Violenta Desafo̕s Pedagg̤icos y Sociales

Detalles Bibliográficos
Autor principal: Bayada, Bernadette
Otros Autores: Bisot, Anne-Catherine
Formato: eBook
Lenguaje:español
Publicado: Tlalnepantla de Baz, Mx̌ico : Comisin̤ de Derechos Humanos del Estado de Mx̌ico (CODHEM), 2012
Materias:
Acceso en línea:http://www.vlex.com/source/6837

MARC

LEADER 00000nam a22000007a 4500
005 20130125133244.0
007 cr|||| ||||
008 130125e2012 mx |||||s|||| 00||0 spa d
020 |a 968841445X 
035 |a 6837 
040 |a vLex 
090 |c 3613  |d 3613 
100 1 0 |a Bayada, Bernadette 
245 1 0 |a Para una Educacin̤ No-Violenta  |b Desafo̕s Pedagg̤icos y Sociales  |h [Recurso electrn̤ico] 
256 |a Servicio en ln̕ea 
260 |a Tlalnepantla de Baz, Mx̌ico :  |b Comisin̤ de Derechos Humanos del Estado de Mx̌ico (CODHEM),   |c 2012 
300 |a 1 Recurso electrn̤ico 
650 0 4 |z Derechos humanos 
650 0 4 |a Paz  |x Enseąnza 
700 1 0 |a Bisot, Anne-Catherine  
740 |a vLex Libros (Servicio en ln̕ea) 
856 |a Acceso restringido  |u http://www.vlex.com/source/6837 
942 |c BOOK 
999 0 |a Peace